[Event "Elekes mem-B"]
[Site "Budapest"]
[Date "1983.??.??"]
[Round "?"]
[White "Honfi, Karoly"]
[Black "Tompa, Janos"]
[Result "1/2-1/2"]
[WhiteElo "2395"]
[BlackElo "2420"]

1.e4 c5 2.Nf3 e6 3.d4 cxd4 4.Nxd4 Nc6 5.Nc3 Qc7 6.g3 a6 7.Bg2 Nf6 8.O-O d6
9.Re1 Bd7 10.b3 Be7 11.Bb2 O-O 12.Nde2 Rac8 13.Nf4 Rfd8 14.Rc1 Ne5 15.Nce2 b5
16.Nd3 Bc6 17.Nd4 Bb7 18.f4 Ned7 19.c4 Qb6 20.e5 Bxg2 21.Kxg2 Ne8 22.cxb5 axb5
23.Qf3 Nc5 24.Nb4 Rd7 25.Re2 Rdc7 26.Ndc6 Bf8 27.Rec2 Rxc6 28.Nxc6 Qxc6 29.b4 Qxf3+
30.Kxf3 Ra8 31.exd6 Nd7 32.Rc8 Rxc8 33.Rxc8 Nxd6 34.Rd8 Nb6 35.Bd4 Nbc8 36.Bc5 f6
37.a4 Kf7 38.a5 Be7 39.Rh8 Ne8 40.Rxh7 Bxc5 41.bxc5 Na7 42.Rh8 Nc6 43.a6 b4
44.Ke2 b3 45.Kd2 b2 46.Kc2 Nb4+ 47.Kxb2 Nxa6 48.c6 Nb4 49.c7 Nxc7 50.Rb8 Nbd5
51.Kc2 Kg6 52.Kd3 Kf5 53.Ke2 e5 54.Rg8 Ne6 55.fxe5 fxe5 56.Rh8 e4 57.Rh5+ g5
58.Rh8 Nd4+ 59.Kd2 e3+ 60.Kd3 e2 61.Re8 Nb4+ 62.Kxd4 e1=Q 63.Rxe1 Nc2+ 64.Kd3 Nxe1+
65.Ke2 Nc2 66.Kd3 Nb4+ 67.Ke3 Nd5+ 68.Kf3 Nf6 69.h3 Ne4 70.g4+ Ke5 71.Ke3 Kd5
72.Kf3 Kd4 73.Kg2 Ke3 74.h4 gxh4 75.Kh3  1/2-1/2

[Event "WchT U26"]
[Site "Chicago"]
[Date "1983.??.??"]
[Round "?"]
[White "Arnason, Jon L"]
[Black "Bischoff, Klaus"]
[Result "1-0"]
[WhiteElo "2460"]
[BlackElo "2445"]

1.e4 c5 2.Nf3 Nc6 3.d4 cxd4 4.Nxd4 e6 5.Nc3 Qc7 6.Be2 Nf6 7.O-O a6 8.Kh1 Bb4
9.Nxc6 dxc6 10.f4 Bxc3 11.bxc3 Nxe4 12.Qd4 Nf6 13.Ba3 b6 14.Bd6 Qa7 15.f5 c5
16.Qe5 Bd7 17.Bc4 O-O-O 18.Bb8 Qxb8 19.Bxa6+ Qb7 20.Bxb7+ Kxb7 21.Rfb1  1-0

[Event "WchT U26"]
[Site "Chicago"]
[Date "1983.??.??"]
[Round "?"]
[White "Motwani, Paul"]
[Black "Liang Jinrong"]
[Result "0-1"]
[WhiteElo "2335"]
[BlackElo "2395"]

1.e4 c5 2.Nf3 e6 3.d4 cxd4 4.Nxd4 Nc6 5.Nc3 Qc7 6.g3 a6 7.Bg2 Nf6 8.O-O Be7
9.Re1 Nxd4 10.e5 Nc6 11.exf6 gxf6 12.Qg4 Ne5 13.Qg7 Ng6 14.Nd5 exd5 15.Bxd5 Rf8
16.Bh6 Qc5 17.Qxf6 Qxd5 18.Rxe7+ Nxe7 19.Re1 Qe6 20.Rxe6 dxe6 21.Bg5 Nc6
22.Qg7 Bd7 23.Qxh7 Ne7 24.h4 Rd8 25.f3 Bc6 26.Kf2 f6 27.Qh5+ Kd7 28.Be3 Rh8
29.Qa5 Ke8 30.c4 Nf5 31.Qc7 Rg8 32.g4 Rg7 33.Qf4 Nxe3 34.Qxe3 Kf7 35.h5 e5
36.Qb6 Rd3 37.Qc7+ Kg8 38.Qc8+ Kf7 39.Qc7+ Rd7 40.Qb6 e4 41.h6 Rh7 42.g5 fxg5
43.Qe3 Kg6  0-1

[Event "Capablanca mem-A"]
[Site "Cienfuegos"]
[Date "1983.??.??"]
[Round "?"]
[White "Bielczyk, Jacek"]
[Black "Boudy, Julio"]
[Result "1-0"]
[WhiteElo "2410"]
[BlackElo "2335"]

1.e4 c5 2.Nf3 Nc6 3.Nc3 e6 4.d4 cxd4 5.Nxd4 Nf6 6.Be2 d6 7.Be3 Be7 8.O-O O-O
9.f4 e5 10.fxe5 dxe5 11.Nf5 Bxf5 12.Rxf5 Qxd1+ 13.Rxd1 g6 14.Rf2 Nd4 15.Bh6 Rfd8
16.Rdf1 Rac8 17.h3 Nxe2+ 18.Rxe2 Nh5 19.Kh2 Bh4 20.Rf3 Nf4 21.Bxf4 exf4 22.Rxf4 Bg5
23.Rf3 Bd2 24.Nd5 Rxc2 25.Rff2  1-0

[Event "Politicen Cup"]
[Site "Copenhagen"]
[Date "1983.??.??"]
[Round "1"]
[White "Mortensen, Erling"]
[Black "Ost Hansen, Jacob"]
[Result "1/2-1/2"]
[WhiteElo "2435"]
[BlackElo "2415"]

1.e4 c5 2.Nf3 e6 3.d4 cxd4 4.Nxd4 Nc6 5.Nc3 a6 6.Nxc6 bxc6 7.Bd3 d5 8.O-O Nf6
9.Bg5 Be7 10.e5 Nd7 11.Bxe7 Qxe7 12.Qg4 g6 13.Rfe1 Rb8 14.Rab1 O-O 15.b4 f5
16.exf6 Rxf6 17.a3 e5 18.Qg3 Bb7 19.Qe3 Qf7 20.Qa7 e4 21.Bxe4 dxe4 22.Rbd1 c5
23.Nxe4 Re6 24.f3 Bc6 25.Rxd7 Qxd7 26.Qxb8+ Kg7 27.bxc5 Qd4+ 28.Kh1 Qxc5
29.Qb2+ Qe5 30.Qxe5+ Rxe5 31.c4 Ra5 32.Re3 Bxe4 33.fxe4 Rc5 34.Kg1 Kf6 35.e5+ Ke6
36.Rh3 Rc7 37.Kf2 Kxe5 38.Rh4 h5 39.Ke3 Rc5 40.Re4+ Kd6 41.Kd4 Rf5 42.c5+ Kd7
43.Re5 Rf2 44.Rg5 Ra2 45.Rxg6 Rxa3 46.h3 Kc7 47.Kd5 Rd3+ 48.Ke4 Rc3 49.Kd4 Ra3
50.Kd5 Rd3+ 51.Kc4 Ra3 52.Kb4 Ra1 53.g4 Rb1+ 54.Kc4 Rh1 55.Kd5 Rxh3 56.Rg7+ Kb8
57.g5 h4 58.Rg8+ Kc7 59.Rg7+ Kb8 60.Ke4 Rh1 61.Kf4 h3 62.Kg3 a5 63.g6 a4
64.Rg8+ Kb7 65.g7 Rg1+ 66.Kh2 Rg6 67.c6+ Kxc6 68.Rc8+ Kb5 69.g8=Q Rxg8 70.Rxg8  1/2-1/2

[Event "DDR-ch 32th"]
[Site "Cottbus"]
[Date "1983.??.??"]
[Round "?"]
[White "Paehtz, Thomas Sr"]
[Black "Gruenberg, Hans Ulrich"]
[Result "0-1"]
[WhiteElo "2395"]
[BlackElo "2450"]

1.e4 c5 2.Nf3 e6 3.d4 cxd4 4.Nxd4 Nc6 5.Nc3 Qc7 6.Be3 a6 7.Be2 Nf6 8.f4 d6
9.O-O Be7 10.Kh1 O-O 11.a4 Re8 12.Nb3 b6 13.Bf3 Bb7 14.Qe1 Nd7 15.Rd1 Rac8
16.Qf2 Rb8 17.h4 Bf8 18.h5 Na5 19.Nxa5 bxa5 20.Qg3 Ba8 21.Bc1 Rb4 22.Rde1 Be7
23.h6 g6 24.Be2 Nc5 25.f5 exf5 26.exf5 Rh4+ 27.Kg1 Ne4 28.Nxe4 Rxe4 29.fxg6 fxg6
30.Qb3+ d5 31.Bf4 Bc5+ 32.Kh1 Rxf4 33.Rxf4 Qxf4  0-1

[Event "Dortmund"]
[Site "Dortmund"]
[Date "1983.??.??"]
[Round "5"]
[White "Wedberg, Tom"]
[Black "Hort, Vlastimil"]
[Result "0-1"]
[WhiteElo "2500"]
[BlackElo "2585"]

1.e4 c5 2.Nf3 Nc6 3.d4 cxd4 4.Nxd4 e6 5.Nc3 Qc7 6.g3 a6 7.Bg2 Nge7 8.Nb3 Ng6
9.O-O Be7 10.f4 O-O 11.Be3 Rb8 12.Qh5 f6 13.g4 Rf7 14.e5 Nf8 15.exf6 Bxf6
16.f5 g6 17.Qh3 gxf5 18.gxf5 d6 19.Bh6 exf5 20.Bd5 Ng6 21.Qe3 Be5 22.Ne4 Kh8
23.Bxf7 Qxf7 24.Rad1 Be6 25.Ng5 Qf6 26.Qh3 Nf4 27.Qh4 Rg8 28.Kh1 Rg6 29.Rxf4 Rxh6
30.Qg3 Rg6 31.h4 h6 32.Rg1 Bd5+ 33.Kh2 hxg5 34.hxg5 Rh6+ 35.gxh6 Qxh6+ 36.Qh3 Bxf4+
37.Rg3 Qxh3+ 38.Kxh3 Bxg3 39.Kxg3 Bxb3  0-1

[Event "Dortmund"]
[Site "Dortmund"]
[Date "1983.??.??"]
[Round "6"]
[White "Kindermann, Stefan"]
[Black "Bischoff, Klaus"]
[Result "1/2-1/2"]
[WhiteElo "2440"]
[BlackElo "2445"]

1.e4 c5 2.Nf3 e6 3.d4 cxd4 4.Nxd4 Nc6 5.Nc3 Qc7 6.g3 a6 7.Bg2 Nf6 8.O-O Be7
9.Kh1 O-O 10.f4 d6 11.a4 Bd7 12.Nb3 b6 13.g4 Bc8 14.g5 Nd7 15.f5 Re8 16.Be3 Nde5
17.Qe2 Bf8 18.Rad1 Na5 19.Nd4 Bb7 20.Bh3 exf5 21.Nxf5 Ng6 22.Qg4 Nc4 23.Bc1 Nce5
24.Qg3 b5 25.Nd4 bxa4 26.Nd5 Bxd5 27.exd5 Qc5 28.Bg2 Ne7 29.Nc6 N7xc6  1/2-1/2

[Event "Nordic-ch"]
[Site "Esbjerg"]
[Date "1983.??.??"]
[Round "?"]
[White "Raaste, Eero J"]
[Black "Hansen, Curt"]
[Result "0-1"]
[WhiteElo "2375"]
[BlackElo "2450"]

1.e4 c5 2.Nf3 e6 3.d4 cxd4 4.Nxd4 Nc6 5.Nc3 a6 6.g3 Nge7 7.Nde2 d6 8.Bg2 Bd7
9.O-O Nc8 10.f4 Be7 11.Be3 b5 12.Nd4 Qc7 13.a4 b4 14.Nce2 O-O 15.Qd3 Bf6
16.g4 Nxd4 17.Nxd4 e5 18.Nf5 exf4 19.e5 Bxe5 20.Bxa8 fxe3 21.Be4 Bxf5 22.Bxf5 g6
23.Be4 Qc5 24.Kh1 Ne7 25.Qxa6 d5 26.Bd3 Rb8 27.b3 Bxa1 28.Rxa1 Nc6 29.Rf1 Qc3
30.g5 Rf8 31.Qb5 Nd4  0-1

[Event "Gausdal Jubilee"]
[Site "Gausdal"]
[Date "1983.??.??"]
[Round "5"]
[White "Tisdall, Jonathan D"]
[Black "Ogaard, Leif"]
[Result "1/2-1/2"]
[WhiteElo "2440"]
[BlackElo "2475"]

1.e4 c5 2.Nf3 e6 3.d4 cxd4 4.Nxd4 Nc6 5.Nc3 a6 6.g3 Qc7 7.Bg2 Nf6 8.O-O Bb4
9.a4 O-O 10.Bg5 Ne8 11.Nce2 h6 12.Be3 Nf6 13.c4 d6 14.h3 Bc5 15.Nc2 b6 16.Bd2 a5
17.Nc3 Bb7 18.Ne3 Rad8 19.Kh2 Nb4 20.Ng4 Qe7 21.f4 Nxg4+ 22.Qxg4 f5 23.Qe2 d5
24.exd5  1/2-1/2

[Event "Bundesliga 8283"]
[Site "Germany"]
[Date "1983.??.??"]
[Round "?"]
[White "Cladouras, Panagiotis"]
[Black "Lau, Ralf"]
[Result "1/2-1/2"]
[WhiteElo "2275"]
[BlackElo "2415"]

1.e4 c5 2.Nf3 e6 3.d4 cxd4 4.Nxd4 Nc6 5.Nc3 d6 6.g3 Be7 7.Bg2 Bd7 8.O-O Nf6
9.Re1 O-O 10.Nxc6 Bxc6 11.e5  1/2-1/2

[Event "Bundesliga 8283"]
[Site "Germany"]
[Date "1983.??.??"]
[Round "?"]
[White "Groenegress, Wilfried"]
[Black "Beckemeier, Werner"]
[Result "1-0"]
[WhiteElo "2210"]
[BlackElo "2280"]

1.e4 c5 2.Nc3 e6 3.Nf3 Nc6 4.d4 cxd4 5.Nxd4 Nf6 6.Be2 Bb4 7.O-O O-O 8.Nxc6 bxc6
9.e5 Nd5 10.Ne4 Qc7 11.Nd6 a5 12.c4 Ne7 13.Bf4 f6 14.exf6 gxf6 15.Bh5 Ng6
16.Bxg6 hxg6 17.Qd3 Kh7 18.Qh3+ Kg8 19.Rad1 Bxd6 20.Bxd6 Qd8 21.Bxf8 Qxf8
22.Qg3 Kf7 23.Rd6 Rb8 24.b3 Rb7 25.Rfd1 a4 26.bxa4 e5 27.c5 Kg7 28.h4 Qf7
29.h5 g5 30.Qg4  1-0

[Event "Hamar op"]
[Site "Hamar"]
[Date "1983.??.??"]
[Round "2"]
[White "Donaldson, John W"]
[Black "Sjoberg, Mats"]
[Result "1/2-1/2"]
[WhiteElo "2405"]
[BlackElo "2370"]

1.e4 c5 2.Nf3 e6 3.d4 cxd4 4.Nxd4 Nc6 5.Nc3 a6 6.g3 Qc7 7.Bg2 Nf6 8.O-O Be7
9.Re1 Nxd4 10.Qxd4 Bc5 11.Bf4 d6 12.Qd2 Ng4 13.Re2 Ne5 14.Na4 Ba7 15.Rd1 Bd7
16.Nc3 Rc8 17.b3 Bb8 18.Re3 Qc5 19.h3 b5 20.Kh2 Qc7 21.Bxe5 dxe5 22.Rd3 Bc6
23.a4 O-O 24.axb5 axb5 25.Na2 Qb7 26.f3 f5 27.Qe1 fxe4 28.fxe4 Ba7 29.Nb4 Bf2
30.Qe2 Bd4 31.Nxc6 Qxc6 32.c3 Bxc3 33.Rd6 Qc5 34.Qg4 Rce8 35.Rxe6 Bd4 36.Rxe8 Rxe8
37.Rf1 Qe7 38.h4 Rf8  1/2-1/2

[Event "Hamar op"]
[Site "Hamar"]
[Date "1983.??.??"]
[Round "4"]
[White "Elseth, Roar"]
[Black "Sjoberg, Mats"]
[Result "1/2-1/2"]
[WhiteElo "2250"]
[BlackElo "2370"]

1.e4 c5 2.Nf3 e6 3.d4 cxd4 4.Nxd4 Nc6 5.Nc3 a6 6.g3 Qc7 7.Bg2 Nf6 8.O-O Be7
9.Re1 Nxd4 10.Qxd4 Bc5 11.Qd1 d6 12.Be3 O-O 13.Na4 e5 14.Nxc5 dxc5 15.Bg5 Qb6
16.Qf3 h6 17.Bxf6 Qxf6 18.Qc3 Be6 19.Re2 Rac8 20.Rd2 Rfd8 21.Rxd8+ Rxd8 22.Qe3 Qe7
23.Bf3 Rd6 24.a3 b6 25.Rd1 Qd8 26.Qe2 a5 27.Rxd6 Qxd6 28.Bg4 Bxg4  1/2-1/2

[Event "Hamar op"]
[Site "Hamar"]
[Date "1983.??.??"]
[Round "7"]
[White "Hakki, Imad"]
[Black "Elseth, Roar"]
[Result "1/2-1/2"]
[WhiteElo "2305"]
[BlackElo "2250"]

1.e4 c5 2.Nf3 e6 3.d4 cxd4 4.Nxd4 Nc6 5.Nc3 Nf6 6.Ndb5 Bb4 7.a3 Bxc3+ 8.Nxc3 d5
9.exd5 exd5 10.Bd3 O-O 11.O-O d4 12.Ne4 Bf5 13.Bg5 Bxe4 14.Bxe4 h6 15.Bh4 Qd6
16.Bg3 Qe6 17.Bxc6 Qxc6 18.Qxd4 Qxc2 19.Rac1 Qb3 20.Qc3 Qxc3 21.Rxc3 Rac8
22.Rfc1 Rxc3 23.Rxc3 Rd8 24.h3 Rd7 25.Rc7 Rxc7 26.Bxc7 Kf8 27.Kf1 Ke7 28.Ke2 Ke6
29.Bb8 a6 30.Ba7 Kd5 31.Kd3 Nd7 32.Bd4  1/2-1/2

[Event "Hannover"]
[Site "Hannover"]
[Date "1983.??.??"]
[Round "15"]
[White "Bouaziz, Slim"]
[Black "Karpov, Anatoly"]
[Result "1/2-1/2"]
[WhiteElo "2390"]
[BlackElo "2710"]

1.e4 c5 2.Nf3 e6 3.d4 cxd4 4.Nxd4 Nc6 5.Nc3 d6 6.Be3 Nf6 7.f4 e5 8.fxe5 dxe5
9.Nxc6 Qxd1+ 10.Rxd1 bxc6 11.Bd3 Bg4 12.Rb1 Be6 13.a3 Be7 14.Na4 Nd7 15.O-O Rc8
16.b4 Rc7 17.Nc5 Nxc5 18.bxc5 O-O 19.Rb4 g6 20.Rfb1 Bc8 21.a4 f5 22.a5 f4
23.Bf2 g5 24.Bc4+ Kg7 25.R4b3 h5 26.a6 Kg6  1/2-1/2

[Event "Havana-B"]
[Site "Havana"]
[Date "1983.??.??"]
[Round "2"]
[White "Garcia, Gildardo"]
[Black "Frias, Victor J"]
[Result "1/2-1/2"]
[WhiteElo "2415"]
[BlackElo "2440"]

1.e4 c5 2.Nf3 e6 3.d4 cxd4 4.Nxd4 Nc6 5.Nc3 a6 6.Be3 Nf6 7.Bd3 d5 8.O-O Be7
9.exd5 exd5 10.Nxc6 bxc6 11.Bd4 O-O 12.Na4 Nd7 13.Qf3 Bb7 14.Bf5 c5 15.Bxg7 Kxg7
16.Qg4+ Kh8 17.Bxd7 Rg8 18.Qh3 Bd6 19.Rae1 Qf6 20.Bf5 Rg7 21.b3 Rag8 22.g3 Bc6
23.Nb6 Bf4 24.c4 dxc4 25.Nxc4 Qc3 26.Ne3 Bb5  1/2-1/2

[Event "Havana"]
[Site "Havana"]
[Date "1983.??.??"]
[Round "9"]
[White "Alzate, Dario"]
[Black "Zapata, Alonso"]
[Result "0-1"]
[WhiteElo "2350"]
[BlackElo "2425"]

1.e4 c5 2.Nf3 e6 3.d4 cxd4 4.Nxd4 Nc6 5.Nc3 a6 6.g3 d6 7.Bg2 Nge7 8.Nb3 Bd7
9.O-O Nc8 10.a4 Be7 11.Be3 O-O 12.a5 Qc7 13.Na4 Ne5 14.Bd4 Nc4 15.Re1 e5
16.Bc3 Bb5 17.Ra2 Qc6 18.Qa1 Bd8 19.Rb1 b6 20.axb6 N8xb6 21.Nxb6 Bxb6 22.Nc1 Bxf2+  0-1

[Event "Havana-B"]
[Site "Havana"]
[Date "1983.??.??"]
[Round "10"]
[White "Sieiro Gonzalez, Luis"]
[Black "Nogueiras, Jesus"]
[Result "0-1"]
[WhiteElo "2405"]
[BlackElo "2490"]

1.e4 c5 2.Nf3 e6 3.Nc3 Nc6 4.d4 cxd4 5.Nxd4 Nf6 6.a3 d6 7.f4 Be7 8.Nf3 O-O
9.Bd3 Qb6 10.Qe2 e5 11.Nd1 Bg4 12.Be3 Qd8 13.h3 Bxf3 14.Qxf3 d5 15.exd5 Nxd5
16.O-O exf4 17.Bxf4 Nxf4 18.Qxf4 Bd6 19.Qe4 g6 20.Bc4 Qg5 21.Nf2 Kh8 22.Qg4 Qe5
23.Nd3 Qh2+ 24.Kf2 f5 25.Qh4 Rae8 26.Rae1 Re4  0-1

[Event "Havana-B"]
[Site "Havana"]
[Date "1983.??.??"]
[Round "12"]
[White "Pinal, Nelson Borges"]
[Black "Pilarte, Rene"]
[Result "1-0"]
[WhiteElo "2405"]
[BlackElo "2320"]

1.e4 c5 2.Nf3 e6 3.Nc3 Nc6 4.d4 cxd4 5.Nxd4 Nf6 6.Nxc6 bxc6 7.e5 Nd5 8.Ne4 f5
9.exf6 Nxf6 10.Nd6+ Bxd6 11.Qxd6 Qb6 12.Bd3 c5 13.Bf4 Bb7 14.O-O Rc8 15.Rad1 Qxd6
16.Bxd6 Ne4 17.Be5 Ke7 18.Rfe1 Nf6 19.c4 Rhd8 20.Rd2 Kf7 21.Rde2 h6 22.h3 g5
23.f4 gxf4 24.Bxf4 Rg8 25.Rf2 Ke7 26.Ref1 Be4 27.Be2 Rg6 28.Kh2 h5 29.g3 Rcg8
30.Rd1 d5 31.cxd5 exd5 32.Rdf1 d4 33.Bc4 Nd5 34.Re1 Re6 35.Rxe4 Rxe4 36.Bxd5 Re1  1-0

[Event "NLD-ch"]
[Site "Hilversum"]
[Date "1983.??.??"]
[Round "7"]
[White "Van der Wiel, John TH"]
[Black "Ligterink, Gert"]
[Result "1/2-1/2"]
[WhiteElo "2530"]
[BlackElo "2440"]

1.e4 c5 2.Nf3 e6 3.d4 cxd4 4.Nxd4 Nc6 5.Nc3 d6 6.Be3 Nf6 7.f4 e5 8.Nde2 Be7
9.Qd2 O-O 10.h3 b5 11.Ng3 b4 12.Nd5 Nxd5 13.exd5 exf4 14.Bxf4 Ne5 15.O-O-O a5
16.Kb1 Rb8 17.Bxe5 dxe5 18.d6 Bg5 19.Qd3 Be6 20.h4 Bf4 21.Nf5 Qd7 22.Ne7+ Kh8
23.g3 Bh6 24.Qe4 Rb6 25.Qxe5 Rd8 26.Be2 Rxd6 27.Rxd6 Qxd6 28.Qxd6 Rxd6 29.g4 g6
30.Rd1 Rxd1+ 31.Bxd1 Be3 32.Nc6 Bb6 33.c3 bxc3 34.bxc3 f5 35.gxf5 gxf5 36.Nd4 Bd7
37.Kc2 Kg7 38.Kd3 Kf6 39.Nf3 Bc6  1/2-1/2

[Event "Indonesia"]
[Site "Indonesia"]
[Date "1983.??.??"]
[Round "13"]
[White "Adianto, Utut"]
[Black "Andersson, Ulf"]
[Result "0-1"]
[WhiteElo "2385"]
[BlackElo "2640"]

1.e4 c5 2.Nf3 e6 3.d4 cxd4 4.Nxd4 Nc6 5.Nc3 a6 6.g3 d6 7.Bg2 Bd7 8.O-O Nf6
9.Be3 Be7 10.a4 O-O 11.h3 Qc7 12.Re1 Rfd8 13.Nxc6 bxc6 14.a5 Re8 15.Na4 e5
16.Nb6 Rab8 17.c4 c5 18.Bd2 Bc6 19.Bc3 Qb7 20.Qd3 Nd7 21.Nd5 Nf8 22.Reb1 Ne6
23.b4 cxb4 24.Bxb4 Qa8 25.Nxe7+ Rxe7 26.Qxd6 Ree8 27.Qxe5 Rbd8 28.f3 Nd4
29.Qc5 f5 30.Rd1 Nb3 31.Qxf5 Nxa1 32.Rxa1 Qb7 33.Bc3 Rd3 34.Rc1 Qe7 35.h4 Qa3
36.Rb1 Qxc3 37.h5 Rd2  0-1

[Event "Indonesia"]
[Site "Indonesia"]
[Date "1983.??.??"]
[Round "13"]
[White "Lobron, Eric"]
[Black "Schmidt, Wlodzimierz"]
[Result "1/2-1/2"]
[WhiteElo "2480"]
[BlackElo "2450"]

1.e4 c5 2.Nc3 Nc6 3.Nge2 e6 4.d4 cxd4 5.Nxd4 a6 6.Be2 d6 7.O-O Nf6 8.Be3 Be7
9.f4 O-O 10.a4 Qc7 11.Kh1 Bd7 12.Nb3 b6 13.Bf3 Rab8 14.Qe2 Na5 15.Nd2 Bc8
16.Bf2 Nd7 17.Rfc1 Bb7 18.Nd1 Rbc8 19.Ne3 Rfe8 20.c3 Bf8 21.Bg3 d5 22.b4 dxe4
23.Nxe4 Nb3 24.f5 e5 25.Ng5 Nf6 26.Bh5 Nxc1 27.Rxc1 Nxh5 28.Qxh5 h6 29.Nf3 Rcd8
30.Ng4 Bxf3 31.gxf3 Rd2 32.Rg1 Rd6 33.Bxe5 Qc6 34.Rg3 Qc4 35.Rg1 Qc6 36.Rg3 Qc4
37.Rg1  1/2-1/2

[Event "Indonesia"]
[Site "Indonesia"]
[Date "1983.??.??"]
[Round "15"]
[White "Radulov, Ivan"]
[Black "Romanishin, Oleg M"]
[Result "0-1"]
[WhiteElo "2490"]
[BlackElo "2575"]

1.e4 c5 2.Nf3 e6 3.d4 cxd4 4.Nxd4 Nc6 5.Nc3 a6 6.g3 Nge7 7.Bg2 Nxd4 8.Qxd4 Nc6
9.Qd1 Be7 10.O-O O-O 11.Be3 Qc7 12.Qe2 Ne5 13.Rad1 b5 14.f4 Nc4 15.Bc1 Bb7
16.e5 Bxg2 17.Kxg2 Rac8 18.Ne4 d5 19.exd6 Nxd6 20.Nxd6 Bxd6 21.c3 Rfd8 22.Qf3 b4
23.Rd3 Be7 24.Rfd1 a5 25.Rxd8+ Rxd8 26.Rxd8+ Qxd8 27.Be3 bxc3 28.bxc3 h6
29.Bd4 Qc8 30.Qe4 a4 31.Bf2 a3 32.c4 f5 33.Qd4 Qb7+ 34.Kg1 Qb1+ 35.Kg2 Qxa2
36.c5 Qc2 37.Qd7 Kf7 38.c6 a2 39.c7 a1=Q  0-1

[Event "URS-ch U26"]
[Site "Jurmala"]
[Date "1983.??.??"]
[Round "?"]
[White "Gavrikov, Viktor"]
[Black "Vyzmanavin, Alexey"]
[Result "1/2-1/2"]
[WhiteElo "2485"]
[BlackElo "2460"]

1.e4 c5 2.Nf3 e6 3.d4 cxd4 4.Nxd4 Nc6 5.Nc3 a6 6.g3 Qc7 7.Bg2 Nf6 8.O-O Be7
9.Re1 Nxd4 10.Qxd4 Bc5 11.Qd1 d6 12.Na4 Ba7 13.c4 O-O 14.Be3 Bxe3 15.Rxe3 Bd7
16.Nc3 Rfd8 17.Rd3 Be8 18.h3 Rac8 19.Qd2 e5 20.b3 b5 21.cxb5 axb5 22.Rd1 Ra8
23.Nd5 Nxd5 24.Rxd5 Qa7 25.Bf1 Qxa2 26.Qxa2 Rxa2 27.Rxe5 f6 28.Rc5 dxc5 29.Rxd8 Kf7
30.Rb8 Bc6 31.f3 Rc2 32.Bxb5 Bxb5 33.Rxb5 g5 34.g4 Rb2 35.Rb7+ Kg6 36.Rb5 h6
37.Rxc5 Rxb3 38.Kg2 Rb6 39.Kg3 Rb3 40.Rf5 Rb1 41.h4 Rb2 42.Rd5 Rb3 43.h5+ Kg7
44.Kf2 Ra3 45.Rd7+ Kg8 46.Ke2 Rb3 47.Rd3 Rxd3 48.Kxd3 Kf7 49.Kd4 Ke6 50.e5 fxe5+
51.Ke4 Kf6 52.Kd5 Kf7 53.Kxe5 Ke7 54.Kd5 Kd7 55.Kc4 Ke6 56.Kd4 Kd6 57.f4 gxf4
58.g5 Ke6 59.g6 Kf6 60.Ke4 f3 61.Kxf3 Kg7 62.Ke4 Kf6 63.Kd5 Kg7 64.Ke6 Kg8
65.Kf6 Kf8 66.g7+ Kg8 67.Kg6  1/2-1/2

[Event "Toth mem"]
[Site "Kecskemet"]
[Date "1983.??.??"]
[Round "?"]
[White "Horvath, Tamas"]
[Black "Garcia Martinez, Silvino"]
[Result "1/2-1/2"]
[WhiteElo "2450"]
[BlackElo "2440"]

1.e4 c5 2.Nf3 Nc6 3.d4 cxd4 4.Nxd4 e6 5.Nc3 a6 6.Be2 Nge7 7.Bf4 Ng6 8.Nxc6 bxc6
9.Bd6 Be7 10.g3 Qb6 11.Bxe7 Kxe7 12.b3 c5 13.Qd2 Qd6 14.Bd3 Bb7 15.f4 Rhd8
16.O-O-O Kf8 17.Rhf1 Qc7 18.h4 Ne7 19.e5 d5 20.exd6 Rxd6 21.Qe2 h6  1/2-1/2

[Event "URS-ch sf"]
[Site "Minsk"]
[Date "1983.??.??"]
[Round "?"]
[White "Kupreichik, Viktor D"]
[Black "Kochyev, Alexander"]
[Result "0-1"]
[WhiteElo "2480"]
[BlackElo "2475"]

1.e4 c5 2.Nf3 e6 3.d4 cxd4 4.Nxd4 Nc6 5.Nc3 d6 6.Be3 Nf6 7.f4 e5 8.Nf3 Be7
9.Qd2 O-O 10.O-O-O a6 11.f5 b5 12.Bg5 Bb7 13.Bxf6 Bxf6 14.Nd5 Rc8 15.Be2 Kh8
16.Kb1 Nd4 17.Nxf6 Rxc2 18.Qd3 Qxf6 19.Nxd4 Rc4 20.Qf3 Rxd4 21.Rxd4 exd4
22.Bd3 Qe5 23.Rc1 d5 24.exd5 Bxd5 25.Qg3 Qxg3 26.hxg3 Re8 27.Rc7 h5 28.Rd7 Re3
29.Kc2 Bc4 30.Rxd4 Rxg3 31.Be4 Bxa2 32.Bf3 Bc4 33.Rd1 b4 34.Rd4 Bf1 35.Bxh5 Rxg2+
36.Kb3 g6 37.fxg6 fxg6 38.Bd1 Bb5 39.Rxb4 Rg3+ 40.Ka2 Kg7 41.Rg4 Re3 42.Rd4 g5
43.Bg4 Kf6 44.Rd6+ Kf7 45.b3 Be2 46.Bc8 Re8 47.Rc6 Bb5 48.Rc2 Re4 49.Ka3 Rf4
50.Rd2 Re4 51.Rc2 Ke7 52.Rd2 Re5 53.Bg4 a5 54.Bf3 Bd7 55.Re2 Kf6 56.b4 axb4+
57.Kxb4 Rf5 58.Be4 Rf4 59.Kc3 Bg4 60.Re3 Bf5 61.Bc6 Rf2 62.Ba8 Rc2+ 63.Kd4 Rd2+
64.Kc5 Rd8 65.Bd5 g4 66.Kd4 Bh7 67.Kc5 Bg8 68.Bc6 Kg5 69.Re7 Bb3 70.Bd7 Kf6
71.Re4 g3 72.Bc6 Rd3 73.Rg4 Kf5 74.Rg7 Kf4 75.Rg6 Bc2 76.Rf6+ Ke5 77.Rf8 Rc3+
78.Kb6 Kd4 79.Rg8 Be4 80.Rd8+ Ke3 81.Bb5 Rc1  0-1

[Event "New York Kavkasian"]
[Site "New York"]
[Date "1983.??.??"]
[Round "?"]
[White "Lobron, Eric"]
[Black "Shamkovich, Leonid"]
[Result "1/2-1/2"]
[WhiteElo "2480"]
[BlackElo "2460"]

1.e4 c5 2.Nf3 Nc6 3.d4 cxd4 4.Nxd4 e6 5.Nc3 d6 6.Be2 Nf6 7.O-O Be7 8.Kh1 O-O
9.f4 Bd7 10.Be3 Nxd4 11.Bxd4 Bc6 12.Qd3 b5 13.Bf3 b4  1/2-1/2

[Event "New York Kavkasian"]
[Site "New York"]
[Date "1983.??.??"]
[Round "?"]
[White "Shamkovich, Leonid"]
[Black "Zapata, Alonso"]
[Result "0-1"]
[WhiteElo "2460"]
[BlackElo "2455"]

1.e4 c5 2.Nf3 e6 3.d4 cxd4 4.Nxd4 Nc6 5.Nc3 a6 6.Be2 Nge7 7.O-O Nxd4 8.Qxd4 Nc6
9.Qd3 Qc7 10.a3 b5 11.Kh1 Bb7 12.f4 Be7 13.Qg3 O-O 14.Be3 Na5 15.Rad1 Nc4
16.Bc1 Rac8 17.Rd3 Nd6 18.Bf3 f5 19.exf5 Nxf5 20.Qe1 Bxf3 21.Rfxf3 Bf6 22.Qe4 Rf7
23.Rf2 Qc4 24.Qe1 d5 25.Qxe6 d4 26.Nd5 Bh4 27.g3 Rc5 28.gxh4 Rxd5 29.b3 Qc5
30.Re2 Rd6 31.Qe8+ Rf8 32.Qe4 Nxh4 33.Bd2 Qxa3 34.Qe7 Nf5 35.Qc7 Rg6 36.Qe5 h6
37.Qd5+ Kh7 38.b4 Qb2 39.Qe5 Rff6 40.Rb3 Qa2 41.Re1 Nd6 42.Qxd4 Qxc2 43.Rc3 Qa2
44.Qd3 Qf7 45.Rg1 Nc4 46.Rxg6 Rxg6 47.Bc1 Qe7 48.Qf1 Re6 49.Qd3+ Kh8 50.f5 Re1+
51.Kg2 Rxc1 52.Rxc1 Qg5+ 53.Kh3 Qxc1 54.f6 gxf6 55.Qd8+ Kg7 56.Qd7+ Kg6  0-1

[Event "New York Kavkasian"]
[Site "New York"]
[Date "1983.??.??"]
[Round "?"]
[White "Zapata, Alonso"]
[Black "Bass, Leonid"]
[Result "1-0"]
[WhiteElo "2455"]
[BlackElo "2460"]

1.e4 c5 2.Nf3 e6 3.d4 cxd4 4.Nxd4 Nc6 5.Nc3 d6 6.Be2 Nf6 7.O-O Be7 8.Be3 O-O
9.f4 e5 10.fxe5 dxe5 11.Nf5 Bxf5 12.Rxf5 Qa5 13.Kh1 Rad8 14.Qf1 Nd4 15.Bxd4 Rxd4
16.Bc4 Rfd8 17.Bb3 Qc5 18.Qf3 b5 19.Rf1 a5 20.a3 a4 21.Ba2 Rd2 22.Nd5 Qd6
23.Qc3 Rd4 24.Qf3 h6 25.Qe2 Kh8 26.Nc3 Rd2 27.Qxb5 Rxc2 28.Bb1 Rb8 29.Qxe5 Rcxb2
30.Qxd6 Bxd6 31.e5 Be7 32.exf6 Bxf6 33.Rxf6 gxf6 34.Be4 R2b3 35.Nxa4 Rxa3
36.Nc5 Rd8 37.h3 Re3 38.Rf5 Kg7 39.Bf3 Rd6 40.Ne4 Re1+ 41.Kh2 Rb6 42.Ng3 Rc1
43.Rh5 f5 44.Nxf5+ Kh7 45.Ng3 Rb4 46.Be2 Rb6 47.Bd3+ Kg8 48.Nf5 Rd1 49.Be4 Re1
50.Bd5 Rd1 51.Bf3 Re1 52.Nxh6+ Kg7 53.Nf5+ Kg8 54.Bd5 Rd1 55.Ne3 Rd3 56.Ng4 Rd4
57.Rf5  1-0

[Event "New York"]
[Site "New York"]
[Date "1983.??.??"]
[Round "10"]
[White "Fedorowicz, John P"]
[Black "Frias, Victor J"]
[Result "1/2-1/2"]
[WhiteElo "2430"]
[BlackElo "2440"]

1.e4 c5 2.Nf3 e6 3.d4 cxd4 4.Nxd4 Nc6 5.Nc3 a6 6.g3 d6 7.Bg2 Bd7 8.O-O Nf6
9.Re1 Rc8 10.Nxc6 Bxc6 11.a4 Be7 12.a5 Nd7 13.Be3 Nc5 14.Bd4 O-O 15.Qg4 g6
16.Qe2 Bf6 17.Qd2 Bxd4 18.Qxd4 Qe7 19.Rad1 Rfd8 20.Rd2 Qc7 21.Red1 Rb8 22.Qb4 b5
23.axb6 Rxb6 24.Qa5 Nb7 25.Qa3 Rc8 26.h4 Be8 27.Ne2 Qc5  1/2-1/2

[Event "Niksic"]
[Site "Niksic"]
[Date "1983.??.??"]
[Round "3"]
[White "Sax, Gyula"]
[Black "Kasparov, Gary"]
[Result "1/2-1/2"]
[WhiteElo "2570"]
[BlackElo "2690"]

1.e4 c5 2.Nf3 e6 3.d4 cxd4 4.Nxd4 Nc6 5.Nc3 d6 6.Be3 Nf6 7.f4 Be7 8.Qf3 O-O
9.O-O-O Qc7 10.g4 Nxd4 11.Bxd4 e5 12.fxe5 dxe5 13.Qg3 Nxg4 14.Nd5 Qd8 15.Nxe7+ Qxe7
16.Bc3 Qc5 17.Rg1 Qe3+ 18.Kb1 Be6 19.h3 Rfd8 20.Re1 Qxg3 21.Rxg3 Nf6 22.Bxe5 Ne8
23.Bb5 f6 24.Bc3 Rac8 25.Bxe8 Rxe8 26.Bxf6 Rc7 27.Reg1 g6 28.h4 Rc4 29.h5 Kf7
30.Bc3 Rg8 31.hxg6+ Rxg6 32.Rxg6 hxg6 33.Rh1 Bd7 34.e5 Rf4 35.Kc1 Bc6 36.Rh7+ Ke6
37.Rg7 Be4 38.Kd2 Rf7 39.Rxf7  1/2-1/2